[Event "Budapest FS06 IM"]
[Site "Budapest"]
[Date "2006.06.10"]
[Round "6"]
[White "Kaufman, Raymond"]
[Black "Vul, Arkadi Eremeevich"]
[Result "0-1"]
[WhiteElo "2230"]
[BlackElo "2396"]
[PlyCount "82"]
[GameId "1166648442179584"]
[EventDate "2006.06.05"]
[EventType "tourn"]
[EventRounds "11"]
[EventCountry "HUN"]
[EventCategory "2"]
[SourceTitle "CBM 112 Extra"]
[Source "ChessBase"]
[SourceDate "2006.07.14"]
[SourceVersion "1"]
[SourceVersionDate "2006.07.14"]
[SourceQuality "1"]

1. e4 e5 2. Nf3 Nc6 3. Bb5 g6 4. c3 Nge7 5. d4 exd4 6. cxd4 d5 7. exd5 Nxd5 8. O-O Bg7 9. Bg5 Qd6 10. Re1+ Be6 11. Nbd2 O-O 12. Ne4 Qb4 13. Bxc6 bxc6 14. Qc1 Rfe8 15. Bd2 Qb6 16. Nc5 Bf5 17. Ne5 Rad8 18. a4 Nb4 19. Bxb4 Bxe5 20. Bc3 Bg7 21. Qf4 h5 22. h3 Qb8 23. g4 hxg4 24. hxg4 Bd7 25. Rxe8+ Bxe8 26. Re1 Qc8 27. Re7 Rd6 28. Qe4 Kf8 29. g5 Qd8 30. Re5 Bxe5 31. Qxe5 f6 32. Qh2 Qe7 33. Qh8+ Kf7 34. d5 cxd5 35. gxf6 Rxf6 36. Qh7+ Kf8 37. Qh6+ Kf7 38. Qg5 Rf5 39. Qh6 Qxc5 40. Qg7+ Ke6 41. Qg8+ Kd7 0-1

[Event "USA tt"]
[Site "ICC INT"]
[Date "2006.09.13"]
[Round "3"]
[White "Kaufman, Raymond"]
[Black "Zaikov, Oleg"]
[Result "0-1"]
[WhiteElo "2274"]
[BlackElo "2394"]
[PlyCount "62"]
[GameId "1166648682999808"]
[EventDate "2006.08.30"]
[EventType "team"]
[EventRounds "10"]
[EventCountry "USA"]
[SourceTitle "CBM 114 Extra"]
[Source "ChessBase"]
[SourceDate "2006.11.03"]
[SourceVersion "1"]
[SourceVersionDate "2006.11.03"]
[SourceQuality "1"]
[WhiteTeam "Baltimore"]
[BlackTeam "Carolina Cobras"]
[WhiteTeamCountry "USA"]
[BlackTeamCountry "USA"]

1. d4 Nf6 2. c4 c5 3. d5 b5 4. cxb5 a6 5. b6 Qxb6 6. Nc3 d6 7. e4 g6 8. Nf3 Bg4 9. Qa4+ Bd7 10. Qc2 Bb5 11. a4 Bxf1 12. Kxf1 Bg7 13. g3 O-O 14. Kg2 Nbd7 15. Nd2 Rab8 16. Nc4 Qc7 17. Bd2 Ng4 18. f4 Rb4 19. b3 Nb6 20. h3 Nxc4 21. bxc4 Nf6 22. Qd3 Rfb8 23. Rae1 Nd7 24. e5 dxe5 25. f5 Nb6 26. fxg6 hxg6 27. Ne4 Rxa4 28. Ng5 Nxc4 29. Rhf1 Rb2 30. Re2 e4 31. Qxe4 Qe5 0-1

[Event "USA tt"]
[Site "ICC INT"]
[Date "2006.09.27"]
[Round "5"]
[White "Kaufman, Raymond"]
[Black "Costigan, Richard"]
[Result "1/2-1/2"]
[WhiteElo "2274"]
[BlackElo "2312"]
[PlyCount "117"]
[GameId "1166648683155456"]
[EventDate "2006.08.30"]
[EventType "team"]
[EventRounds "10"]
[EventCountry "USA"]
[SourceTitle "CBM 114 Extra"]
[Source "ChessBase"]
[SourceDate "2006.11.03"]
[SourceVersion "1"]
[SourceVersionDate "2006.11.03"]
[SourceQuality "1"]
[WhiteTeam "Baltimore"]
[BlackTeam "Philadelphia Masterminds"]
[WhiteTeamCountry "USA"]
[BlackTeamCountry "USA"]

1. e4 d5 2. exd5 Qxd5 3. Nf3 Bf5 4. Nc3 Qd8 5. d4 Nd7 6. Bf4 Ngf6 7. Bd3 Bg6 8. Bxg6 hxg6 9. Qe2 c6 10. O-O-O Nb6 11. Ne5 Nbd5 12. Nxd5 Qxd5 13. Kb1 Qxg2 14. Rhe1 g5 15. Bg3 Rd8 16. d5 Rxd5 17. Rxd5 Qxd5 18. Rd1 Qe4 19. Qd2 Nd5 20. f3 Qf5 21. Qa5 f6 22. Rxd5 fxe5 23. Qd8+ Kf7 24. Rxe5 Qxf3 25. Qd7 Qh1+ 26. Re1 Qd5 27. Rf1+ Kg6 28. Qe8+ Kh6 29. a3 e6 30. Rxf8 Rxf8 31. Qxf8 Qh1+ 32. Ka2 Qd5+ 33. b3 Qf5 34. Qxf5 exf5 35. Bb8 a6 36. Kb2 Kh5 37. Kc3 g4 38. Kd4 g5 39. Ke5 f4 40. Kf5 Kh4 41. Be5 Kh3 42. Kxg5 g3 43. hxg3 f3 44. Bd4 Kxg3 45. Kf5 f2 46. Bxf2+ Kxf2 47. Ke6 Ke3 48. Kd6 Kd2 49. c4 Kc3 50. c5 Kxb3 51. Kc7 Kc4 52. Kxb7 Kxc5 53. Kxa6 Kd4 54. a4 c5 55. Kb7 c4 56. a5 c3 57. a6 c2 58. a7 c1=Q 59. a8=Q 1/2-1/2

[Event "USA tt"]
[Site "ICC INT"]
[Date "2006.10.11"]
[Round "7"]
[White "Kaufman, Raymond"]
[Black "Costigan, Richard"]
[Result "0-1"]
[WhiteElo "2274"]
[BlackElo "2312"]
[PlyCount "67"]
[GameId "1166648683319296"]
[EventDate "2006.08.30"]
[EventType "team"]
[EventRounds "10"]
[EventCountry "USA"]
[SourceTitle "CBM 114 Extra"]
[Source "ChessBase"]
[SourceDate "2006.11.03"]
[SourceVersion "1"]
[SourceVersionDate "2006.11.03"]
[SourceQuality "1"]
[WhiteTeam "Baltimore"]
[BlackTeam "Philadelphia Masterminds"]
[WhiteTeamCountry "USA"]
[BlackTeamCountry "USA"]

1. e4 d5 2. exd5 Qxd5 3. Nc3 Qa5 4. d4 Nf6 5. Bc4 c6 6. Nf3 Bf5 7. Ne5 e6 8. g4 Be4 9. f3 Bd5 10. Bd3 Nbd7 11. Bd2 Nxe5 12. dxe5 Nxg4 13. fxg4 Bxh1 14. Qe2 Bb4 15. a3 Bxc3 16. Bxc3 Qd5 17. Qf2 Be4 18. O-O-O O-O 19. Bxe4 Qxe4 20. Rd4 Qxe5 21. Rd7 Qg5+ 22. Kb1 Rad8 23. Rxb7 Rd1+ 24. Ka2 Qxg4 25. Bb4 Qc4+ 26. b3 Qd4 27. Qxd4 Rxd4 28. Bxf8 Kxf8 29. Rxa7 f5 30. Ra8+ Kf7 31. Ra7+ Kf8 32. Ra8+ Ke7 33. Ra7+ Rd7 34. Ra5 0-1

[Event "USA tt"]
[Site "ICC INT"]
[Date "2006.10.18"]
[Round "8"]
[White "Kaufman, Raymond"]
[Black "Vavrak, Peter"]
[Result "0-1"]
[WhiteElo "2274"]
[BlackElo "2407"]
[PlyCount "56"]
[GameId "1166648683405312"]
[EventDate "2006.08.30"]
[EventType "team"]
[EventRounds "10"]
[EventCountry "USA"]
[SourceTitle "CBM 114 Extra"]
[Source "ChessBase"]
[SourceDate "2006.11.03"]
[SourceVersion "1"]
[SourceVersionDate "2006.11.03"]
[SourceQuality "1"]
[WhiteTeam "Baltimore"]
[BlackTeam "Dallas Destiny"]
[WhiteTeamCountry "USA"]
[BlackTeamCountry "USA"]

1. d4 e6 2. c4 Nf6 3. Nf3 b6 4. Bf4 Bb7 5. e3 d5 6. Nc3 a6 7. Rc1 Bd6 8. Bg5 O-O 9. cxd5 exd5 10. Bd3 Nbd7 11. O-O Qe7 12. Re1 h6 13. Bh4 Qe6 14. Qc2 Ne4 15. Nd2 f5 16. f3 Nxd2 17. Qxd2 c5 18. Bg3 Bxg3 19. hxg3 c4 20. Bb1 Qd6 21. e4 fxe4 22. fxe4 Qxg3 23. e5 Rf4 24. Re3 Qg5 25. Qc2 Nf8 26. Ne2 Rg4 27. Rf3 Rxg2+ 28. Kh1 Rxe2 0-1

[Event "USA tt"]
[Site "ICC INT"]
[Date "2006.10.25"]
[Round "9"]
[White "Bonin, Jay R"]
[Black "Kaufman, Raymond"]
[Result "1/2-1/2"]
[WhiteElo "2315"]
[BlackElo "2274"]
[PlyCount "110"]
[GameId "1166648683483136"]
[EventDate "2006.08.30"]
[EventType "team"]
[EventRounds "10"]
[EventCountry "USA"]
[SourceTitle "CBM 114 Extra"]
[Source "ChessBase"]
[SourceDate "2006.11.03"]
[SourceVersion "1"]
[SourceVersionDate "2006.11.03"]
[SourceQuality "1"]
[WhiteTeam "New York Knights"]
[BlackTeam "Baltimore"]
[WhiteTeamCountry "USA"]
[BlackTeamCountry "USA"]

1. d4 Nf6 2. Nf3 c5 3. d5 b5 4. Bg5 Ne4 5. Qd3 Qa5+ 6. Nbd2 f5 7. c3 c4 8. Qc2 Na6 9. Nxe4 fxe4 10. Qxe4 Bb7 11. Qd4 h6 12. Bd2 O-O-O 13. b4 cxb3 14. c4 Qb6 15. axb3 e6 16. Qxb6 axb6 17. Ne5 Nc5 18. Nf7 Re8 19. Nxh8 exd5 20. e3 Nxb3 21. Rb1 dxc4 22. Rxb3 cxb3 23. Bd3 Ba3 24. Ng6 Bxg2 25. Rg1 Be4 26. Ke2 Bxd3+ 27. Kxd3 Re6 28. Kc3 b2 29. Kc2 b4 30. Nf4 Rc6+ 31. Kb1 Rd6 32. Rd1 b3 33. Ne2 Rd3 34. Nc3 Bb4 35. Ne4 d5 36. Rg1 Bxd2 37. Nxd2 Rxd2 38. f4 d4 39. exd4 Rxd4 40. Rxg7 Rxf4 41. Kxb2 Rf2+ 42. Kxb3 Rxh2 43. Kb4 Rb2+ 44. Kc4 b5+ 45. Kc5 Kd8 46. Rh7 Rh2 47. Kxb5 Ke8 48. Kc5 Kf8 49. Kd5 Kg8 50. Ra7 Re2 51. Kd4 Rg2 52. Ke3 h5 53. Ra5 h4 54. Rh5 Rg4 55. Kf3 Ra4 1/2-1/2

[Event "Virginia Beach Millennium op 8th"]
[Site "Virginia Beach"]
[Date "2007.03.04"]
[Round "5"]
[White "Kaufman, Raymond"]
[Black "Smith, Bryan G"]
[Result "0-1"]
[WhiteElo "2336"]
[BlackElo "2402"]
[PlyCount "116"]
[GameId "1166649207410688"]
[EventDate "2007.03.02"]
[EventType "swiss"]
[EventRounds "5"]
[EventCountry "USA"]
[SourceTitle "CBM 117 Extra"]
[Source "ChessBase"]
[SourceDate "2007.05.09"]
[SourceVersion "1"]
[SourceVersionDate "2007.05.09"]
[SourceQuality "1"]

1. d4 Nf6 2. c4 e6 3. Nc3 Bb4 4. Qc2 O-O 5. a3 Bxc3+ 6. Qxc3 Ne4 7. Qc2 f5 8. Nh3 d6 9. f3 Nf6 10. Nf2 e5 11. dxe5 dxe5 12. e3 Nc6 13. Be2 a5 14. O-O a4 15. Bd2 Qe7 16. Bd3 g6 17. Kh1 Be6 18. Rae1 Nd7 19. f4 Nc5 20. Be2 Nb3 21. Bc3 exf4 22. exf4 Qf7 23. Rd1 Rfd8 24. Rxd8+ Rxd8 25. Rd1 Ncd4 26. Bxd4 Rxd4 27. Qc3 Qd7 28. Qe3 Bf7 29. h3 c5 30. Kh2 Qd6 31. g3 Nd2 32. Qc3 h6 33. Qa5 g5 34. Nd3 Nxc4 35. Qa8+ Kg7 36. Qxb7 Re4 37. Bh5 Re7 38. Qf3 Ne3 39. Bxf7 Nxd1 40. Ba2 Nxb2 41. Ne5 Qd2+ 42. Qg2 Qxg2+ 43. Kxg2 Nd3 44. Nxd3 Re2+ 45. Kf3 Rxa2 46. Nxc5 Rxa3+ 47. Kf2 Ra2+ 48. Ke3 a3 49. fxg5 hxg5 50. h4 f4+ 51. Kf3 fxg3 52. Kxg3 Rb2 53. Ne6+ Kf6 54. Nxg5 a2 55. Ne4+ Kg7 56. Ng5 a1=Q 57. Nf3 Rb3 58. Kg4 Qa4+ 0-1

[Event "Budapest FS06 IM-B"]
[Site "Budapest"]
[Date "2007.06.07"]
[Round "6"]
[White "Kaufman, Raymond"]
[Black "Adams, Nick A"]
[Result "1-0"]
[WhiteElo "2319"]
[BlackElo "2218"]
[PlyCount "95"]
[GameId "1166649457254400"]
[EventDate "2007.06.02"]
[EventType "tourn"]
[EventRounds "11"]
[EventCountry "HUN"]
[EventCategory "1"]
[SourceTitle "CBM 118 Extra"]
[Source "ChessBase"]
[SourceDate "2007.07.04"]
[SourceVersion "1"]
[SourceVersionDate "2007.07.04"]
[SourceQuality "1"]

1. d4 d5 2. Nf3 e6 3. c4 c5 4. cxd5 exd5 5. Bg5 Be7 6. Bxe7 Nxe7 7. dxc5 Qa5+ 8. Nc3 Qxc5 9. e3 Nbc6 10. Be2 O-O 11. Qd2 Be6 12. O-O Rfd8 13. Rfd1 Nf5 14. Bb5 Qe7 15. Bxc6 bxc6 16. Rac1 c5 17. Na4 c4 18. Qa5 Rdc8 19. Rd2 Nd6 20. Nc3 Ne4 21. Nxe4 dxe4 22. Nd4 Rc5 23. Qb4 a5 24. Qb6 Rac8 25. Nxe6 fxe6 26. Rd4 h6 27. h3 R8c6 28. Qb8+ Rc8 29. Qf4 Qb7 30. Qxe4 Qxe4 31. Rxe4 Kf7 32. f4 Kf6 33. Kf2 Rb8 34. Rc2 Kf5 35. Kf3 Kf6 36. Rd4 Rcb5 37. Rdd2 R8b6 38. Rxc4 Rxb2 39. Rd7 Rb7 40. Rxb7 Rxb7 41. Rc5 a4 42. Rc4 Ra7 43. a3 Ra5 44. g4 h5 45. g5+ Kg6 46. Rc6 Kf7 47. Rc7+ Kg6 48. Re7 1-0

[Event "Budapest FS06 IM-B"]
[Site "Budapest"]
[Date "2007.06.10"]
[Round "9"]
[White "Gretarsson, Hjorvar Steinn"]
[Black "Kaufman, Raymond"]
[Result "1/2-1/2"]
[WhiteElo "2156"]
[BlackElo "2319"]
[PlyCount "98"]
[GameId "1166649457311744"]
[EventDate "2007.06.02"]
[EventType "tourn"]
[EventRounds "11"]
[EventCountry "HUN"]
[EventCategory "1"]
[SourceTitle "CBM 118 Extra"]
[Source "ChessBase"]
[SourceDate "2007.07.04"]
[SourceVersion "1"]
[SourceVersionDate "2007.07.04"]
[SourceQuality "1"]

1. c4 b6 2. Nc3 e6 3. e4 Bb7 4. Nf3 c5 5. g3 Nf6 6. d3 d5 7. Bg5 dxe4 8. dxe4 Qxd1+ 9. Rxd1 Nbd7 10. Bd3 h6 11. Bc1 O-O-O 12. Ke2 Bd6 13. Rhe1 Ng4 14. Nb5 Bb8 15. Bf4 e5 16. Bc1 f5 17. Nd2 Ndf6 18. h3 Rxd3 19. hxg4 fxe4 20. Nf1 Nxg4 21. Ne3 Nxe3 22. Bxe3 Rhd8 23. Rxd3 exd3+ 24. Kd2 Bf3 25. Nc3 Kb7 26. Nb1 a6 27. Kc1 Kc6 28. Nd2 Bg4 29. f3 Be6 30. b3 b5 31. f4 bxc4 32. Nxc4 Bxc4 33. bxc4 exf4 34. gxf4 d2+ 35. Bxd2 Rd4 36. Re6+ Kd7 37. Rxa6 Bxf4 38. Bxf4 Rxc4+ 39. Kd1 Rxf4 40. Ra7+ Kc6 41. Rxg7 Kb5 42. Kc2 Rf2+ 43. Kb3 Rf3+ 44. Kb2 h5 45. Rg5 Rh3 46. a4+ Kb4 47. a5 Rh2+ 48. Kc1 c4 49. a6 Kc3 1/2-1/2

[Event "Balatonlelle op-A 25th"]
[Site "Balatonlelle"]
[Date "2007.06.24"]
[Round "9"]
[White "Horvath, Adam"]
[Black "Kaufman, Raymond"]
[Result "1-0"]
[WhiteElo "2486"]
[BlackElo "2319"]
[PlyCount "69"]
[GameId "1166649487126528"]
[EventDate "2007.06.16"]
[EventType "swiss"]
[EventRounds "9"]
[EventCountry "HUN"]
[SourceTitle "CBM 119 Extra"]
[Source "ChessBase"]
[SourceDate "2007.09.04"]
[SourceVersion "1"]
[SourceVersionDate "2007.09.04"]
[SourceQuality "1"]

1. e4 c5 2. Nf3 d6 3. d4 cxd4 4. Nxd4 Nf6 5. Nc3 Nc6 6. Bg5 e6 7. Qd2 a6 8. O-O-O Bd7 9. f4 Rc8 10. Nf3 Qa5 11. Kb1 b5 12. Bd3 Be7 13. e5 b4 14. Ne4 Nxe4 15. Bxe4 d5 16. Bxe7 Nxe7 17. Bd3 Qb6 18. g4 a5 19. Rhe1 a4 20. f5 exf5 21. e6 fxe6 22. Qg5 b3 23. cxb3 axb3 24. gxf5 Rc2 25. axb3 Rf2 26. fxe6 Bxe6 27. Nd4 Rxb2+ 28. Kxb2 Qxd4+ 29. Kb1 Qb6 30. Bc2 Kd7 31. Qxg7 Rg8 32. Qxh7 Rg2 33. h4 Kd6 34. Rxe6+ Kxe6 35. Re1+ 1-0

[Event "Olomouc Ave Kontakt Cup IMC"]
[Site "Olomouc"]
[Date "2007.08.02"]
[Round "2"]
[White "Kaufman, Raymond"]
[Black "Biolek, Richard Jr"]
[Result "1/2-1/2"]
[WhiteElo "2310"]
[BlackElo "2250"]
[PlyCount "106"]
[GameId "1166649643286528"]
[EventDate "2007.08.01"]
[EventType "tourn"]
[EventRounds "11"]
[EventCountry "CZE"]
[EventCategory "2"]
[SourceTitle "CBM 119 Extra"]
[Source "ChessBase"]
[SourceDate "2007.09.04"]
[SourceVersion "1"]
[SourceVersionDate "2007.09.04"]
[SourceQuality "1"]

1. e4 e5 2. Nf3 Nc6 3. Bb5 f5 4. d3 fxe4 5. dxe4 Nf6 6. O-O d6 7. Qe2 Bg4 8. h3 Bh5 9. Bg5 Be7 10. Nbd2 a6 11. Bxc6+ bxc6 12. Rfd1 h6 13. Bh4 Qd7 14. Nc4 Qe6 15. Ne3 g5 16. Nf5 Bxf3 17. Qxf3 Qc4 18. Nxe7 Kxe7 19. Bg3 Qxe4 20. Qc3 Kf7 21. Re1 Qa4 22. b3 Qb5 23. Bxe5 dxe5 24. Rxe5 Qb6 25. Rf5 c5 26. Rxc5 Rhd8 27. Rxc7+ Kg6 28. Qc4 Rd5 29. Re1 Rf8 30. Rc6 Qa5 31. b4 Qd8 32. Ree6 Rd1+ 33. Kh2 Rd4 34. Qc5 Rf4 35. c3 Kg7 36. Rcd6 Qb8 37. Re7+ Kg8 38. Kg1 g4 39. Rb6 Qc8 40. Rc7 Qe8 41. Rbb7 gxh3 42. Rg7+ Kh8 43. Rbe7 Qb8 44. g3 h2+ 45. Kxh2 Rxf2+ 46. Kg1 Rf3 47. Kg2 Qa8 48. Kg1 Qb8 49. Rc7 Qa8 50. Rce7 Qb8 51. Kg2 Qa8 52. Rb7 Qe8 53. Rbe7 Qa8 1/2-1/2

[Event "Liverpool op"]
[Site "Liverpool"]
[Date "2007.09.05"]
[Round "5"]
[White "Williamson, Roger G"]
[Black "Kaufman, Raymond"]
[Result "1/2-1/2"]
[WhiteElo "2129"]
[BlackElo "2310"]
[PlyCount "45"]
[GameId "1166649774800896"]
[EventDate "2007.09.03"]
[EventType "swiss"]
[EventRounds "9"]
[EventCountry "ENG"]
[SourceTitle "CBM 120 Extra"]
[Source "ChessBase"]
[SourceDate "2007.11.01"]
[SourceVersion "1"]
[SourceVersionDate "2007.11.01"]
[SourceQuality "1"]

1. e4 Nc6 2. Nf3 e5 3. Bb5 a6 4. Ba4 Nf6 5. O-O b5 6. Bb3 Bc5 7. d3 h6 8. a4 Rb8 9. axb5 axb5 10. Nc3 d6 11. Be3 O-O 12. h3 b4 13. Nd5 Nxd5 14. Bxd5 Bxe3 15. fxe3 Ne7 16. Bb3 Be6 17. Bxe6 fxe6 18. Qe1 Qd7 19. Qh4 Rf6 20. Rf2 Rbf8 21. Raf1 Ng6 22. Qg3 Kh7 23. Nh4 1/2-1/2

[Event "Cesky Krumlov op 1st"]
[Site "Cesky Krumlov"]
[Date "2007.10.13"]
[Round "1"]
[White "Kaufman, Raymond"]
[Black "Roitzsch, Philippe"]
[Result "1-0"]
[WhiteElo "2393"]
[BlackElo "1934"]
[PlyCount "45"]
[GameId "1166649920765952"]
[EventDate "2007.10.13"]
[EventType "swiss"]
[EventRounds "9"]
[EventCountry "CZE"]
[SourceTitle "EXT 2008"]
[Source "ChessBase"]
[SourceDate "2007.11.25"]
[SourceVersion "1"]
[SourceVersionDate "2007.11.25"]
[SourceQuality "1"]

1. d4 Nf6 2. Nf3 e6 3. c4 b6 4. g3 Bb7 5. Bg2 d5 6. Ne5 Bd6 7. O-O O-O 8. Nc3 Nbd7 9. Bf4 Qe7 10. Rc1 c5 11. Nxd7 Qxd7 12. Bxd6 Qxd6 13. dxc5 bxc5 14. Qb3 Rab8 15. cxd5 exd5 16. Qa3 Bc6 17. Rfd1 Rb4 18. b3 Rd8 19. e4 d4 20. e5 Qxe5 21. Bxc6 Qc7 22. Na4 Qxc6 23. Qxb4 1-0

[Event "Cesky Krumlov op 1st"]
[Site "Cesky Krumlov"]
[Date "2007.10.15"]
[Round "4"]
[White "Mojzis, Jan"]
[Black "Kaufman, Raymond"]
[Result "0-1"]
[WhiteElo "2160"]
[BlackElo "2393"]
[PlyCount "56"]
[GameId "1166649921015808"]
[EventDate "2007.10.13"]
[EventType "swiss"]
[EventRounds "9"]
[EventCountry "CZE"]
[SourceTitle "EXT 2008"]
[Source "ChessBase"]
[SourceDate "2007.11.25"]
[SourceVersion "1"]
[SourceVersionDate "2007.11.25"]
[SourceQuality "1"]

1. e4 d6 2. d4 Nf6 3. Nc3 g6 4. h3 Bg7 5. Nf3 O-O 6. Be3 a6 7. a4 b6 8. Be2 e6 9. O-O Bb7 10. e5 dxe5 11. Nxe5 Nbd7 12. Bf3 Bxf3 13. Nxf3 Qc8 14. Qe2 Qb7 15. Rfe1 Rfe8 16. Ne5 Nxe5 17. dxe5 Nd5 18. Qf3 Bxe5 19. Bh6 Bxc3 20. bxc3 Qc6 21. Re3 Qc4 22. g4 e5 23. Rae1 f6 24. Re4 Qxc3 25. R1e3 Qc6 26. Rd3 Rad8 27. Qd1 Nc3 28. Qa1 Rxd3 0-1

[Event "Cesky Krumlov op 1st"]
[Site "Cesky Krumlov"]
[Date "2007.10.16"]
[Round "5"]
[White "Kaufman, Raymond"]
[Black "Cuhra, Martin"]
[Result "1-0"]
[WhiteElo "2393"]
[BlackElo "2095"]
[PlyCount "85"]
[GameId "1166649921122304"]
[EventDate "2007.10.13"]
[EventType "swiss"]
[EventRounds "9"]
[EventCountry "CZE"]
[SourceTitle "EXT 2008"]
[Source "ChessBase"]
[SourceDate "2007.11.25"]
[SourceVersion "1"]
[SourceVersionDate "2007.11.25"]
[SourceQuality "1"]

1. d4 Nf6 2. c4 c5 3. d5 b5 4. Nf3 d6 5. cxb5 a6 6. b6 Nbd7 7. Nc3 Qxb6 8. e4 g6 9. a4 a5 10. Bb5 Ba6 11. O-O Bxb5 12. axb5 Bg7 13. Nd2 O-O 14. Nc4 Qc7 15. Ra3 Ne5 16. Nxe5 dxe5 17. Be3 Ne8 18. Na4 Nd6 19. b6 Qd8 20. Nxc5 Rb8 21. Qc2 Rxb6 22. Nd7 Rb4 23. Nxf8 Bxf8 24. Bc5 Rc4 25. Rc3 Rxc3 26. bxc3 Qc7 27. Bxd6 exd6 28. g3 Be7 29. Rb1 Kg7 30. c4 Bd8 31. Rb5 Qa7 32. c5 dxc5 33. Qxc5 Qd7 34. d6 a4 35. Qxe5+ Bf6 36. Qd5 a3 37. e5 Bd8 38. Rb1 Qf5 39. Ra1 Bb6 40. Ra2 h5 41. Qb5 Qf3 42. Qe2 Qc6 43. h4 1-0

[Event "Cesky Krumlov op 1st"]
[Site "Cesky Krumlov"]
[Date "2007.10.17"]
[Round "6"]
[White "Vokac, Marek"]
[Black "Kaufman, Raymond"]
[Result "1-0"]
[WhiteElo "2416"]
[BlackElo "2393"]
[PlyCount "93"]
[GameId "1166649921257472"]
[EventDate "2007.10.13"]
[EventType "swiss"]
[EventRounds "9"]
[EventCountry "CZE"]
[SourceTitle "EXT 2008"]
[Source "ChessBase"]
[SourceDate "2007.11.25"]
[SourceVersion "1"]
[SourceVersionDate "2007.11.25"]
[SourceQuality "1"]

1. c4 c6 2. Nf3 d5 3. b3 Bg4 4. Bb2 Nd7 5. e3 Ngf6 6. h3 Bh5 7. Be2 e6 8. d3 Qa5+ 9. Qd2 Bb4 10. Bc3 Bxc3 11. Qxc3 Qxc3+ 12. Nxc3 h6 13. O-O-O a6 14. Kb2 b5 15. cxd5 cxd5 16. Rc1 Ke7 17. Rc2 Bxf3 18. Bxf3 Rhc8 19. Rhc1 Nb6 20. a3 Kd7 21. d4 Rc7 22. Be2 Rac8 23. f3 Ne8 24. Bd3 Rb8 25. Bf1 Nd6 26. g4 Rbc8 27. e4 f6 28. h4 Ke7 29. Bd3 dxe4 30. fxe4 e5 31. dxe5 fxe5 32. g5 hxg5 33. hxg5 Nb7 34. Be2 Nc5 35. Na2 Ne6 36. Rxc7+ Rxc7 37. Rxc7+ Nxc7 38. Nb4 a5 39. Nc6+ Kd6 40. Nxa5 Nd7 41. Nb7+ Kc6 42. Nd8+ Kb6 43. b4 Nf8 44. Bg4 Ng6 45. Nf7 Ne8 46. Bd7 Nc7 47. Bf5 1-0

[Event "Cesky Krumlov op 1st"]
[Site "Cesky Krumlov"]
[Date "2007.10.20"]
[Round "9"]
[White "Kaufman, Raymond"]
[Black "Grassie, Duncan"]
[Result "1-0"]
[WhiteElo "2393"]
[BlackElo "2094"]
[PlyCount "109"]
[GameId "1166649921470464"]
[EventDate "2007.10.13"]
[EventType "swiss"]
[EventRounds "9"]
[EventCountry "CZE"]
[SourceTitle "EXT 2008"]
[Source "ChessBase"]
[SourceDate "2007.11.25"]
[SourceVersion "1"]
[SourceVersionDate "2007.11.25"]
[SourceQuality "1"]

1. Nf3 Nf6 2. c4 g6 3. g3 Bg7 4. Bg2 O-O 5. O-O d5 6. cxd5 Nxd5 7. d4 Nb6 8. Nc3 c6 9. Bf4 Bg4 10. Ne5 Be6 11. Ne4 N8d7 12. Nxd7 Qxd7 13. e3 Nd5 14. Nc5 Qc8 15. Rc1 Nxf4 16. gxf4 Bh3 17. Qf3 Bxg2 18. Qxg2 b6 19. Nd3 Qf5 20. Nb4 c5 21. dxc5 bxc5 22. Nd5 Qd7 23. Rfd1 Qa4 24. Nxe7+ Kh8 25. Qd5 Rfe8 26. b3 Qxa2 27. Rxc5 Qe2 28. Rc7 Bf6 29. Nc6 Bh4 30. Rd2 Qg4+ 31. Kh1 Qe6 32. Rxf7 Qxd5+ 33. Rxd5 Rac8 34. Ne5 Re7 35. Rxe7 Bxe7 36. Kg2 Rc2 37. Nf3 Rc3 38. Rd7 Bc5 39. Rc7 Bd4 40. Rxc3 Bxc3 41. Ne5 Kg7 42. Kf3 Kf6 43. Ke4 Ke6 44. Nf3 Bf6 45. Ng5+ Kd6 46. Kd3 Kd5 47. Nxh7 Bh4 48. Nf8 g5 49. e4+ Kd6 50. fxg5 Bxf2 51. Ng6 Ke6 52. h4 Kf7 53. h5 Bb6 54. Nf4 Bd8 55. g6+ 1-0

[Event "Budapest FS11 IM-A"]
[Site "Budapest"]
[Date "2007.11.03"]
[Round "1"]
[White "Andersen, Alf Roger"]
[Black "Kaufman, Raymond"]
[Result "1/2-1/2"]
[WhiteElo "2200"]
[BlackElo "2393"]
[PlyCount "39"]
[GameId "1166650055049216"]
[EventDate "2007.11.03"]
[EventType "tourn"]
[EventRounds "9"]
[EventCountry "HUN"]
[EventCategory "2"]
[SourceTitle "EXT 2008"]
[Source "ChessBase"]
[SourceDate "2007.11.25"]
[SourceVersion "1"]
[SourceVersionDate "2007.11.25"]
[SourceQuality "1"]

1. e4 c5 2. Nf3 e6 3. d4 cxd4 4. Nxd4 Nf6 5. Nc3 d6 6. Bc4 Be7 7. O-O O-O 8. Bb3 Na6 9. f4 Nc5 10. Qf3 a6 11. g4 d5 12. exd5 Nxb3 13. axb3 Bc5 14. Be3 exd5 15. f5 Re8 16. Rfe1 Bd7 17. Bf2 Bc6 18. Nxc6 Bxf2+ 19. Qxf2 bxc6 20. Rxe8+ 1/2-1/2

[Event "Budapest FS12 GM"]
[Site "Budapest"]
[Date "2007.12.06"]
[Round "6"]
[White "Kaufman, Raymond"]
[Black "Paschall, William M"]
[Result "1/2-1/2"]
[WhiteElo "2393"]
[BlackElo "2352"]
[PlyCount "21"]
[GameId "1166650130350080"]
[EventDate "2007.12.01"]
[EventType "tourn"]
[EventRounds "9"]
[EventCountry "HUN"]
[EventCategory "8"]
[SourceTitle "CBM 121 Extra"]
[Source "ChessBase"]
[SourceDate "2008.01.10"]
[SourceVersion "1"]
[SourceVersionDate "2008.01.10"]
[SourceQuality "1"]

1. d4 Nf6 2. Nf3 e6 3. c4 b6 4. g3 Bb7 5. Bg2 Be7 6. O-O O-O 7. Re1 d5 8. cxd5 exd5 9. Nc3 Na6 10. Ne5 c5 11. e3 1/2-1/2

[Event "Budapest FS12 GM"]
[Site "Budapest"]
[Date "2007.12.09"]
[Round "9"]
[White "Kaufman, Raymond"]
[Black "Rajlich, Iweta"]
[Result "0-1"]
[WhiteElo "2393"]
[BlackElo "2411"]
[PlyCount "68"]
[GameId "1166650130411520"]
[EventDate "2007.12.01"]
[EventType "tourn"]
[EventRounds "9"]
[EventCountry "HUN"]
[EventCategory "8"]
[SourceTitle "CBM 121 Extra"]
[Source "ChessBase"]
[SourceDate "2008.01.10"]
[SourceVersion "1"]
[SourceVersionDate "2008.01.10"]
[SourceQuality "1"]

1. d4 Nf6 2. c4 g6 3. Nc3 Bg7 4. e4 d6 5. Nf3 O-O 6. Be2 Nbd7 7. O-O e5 8. Qc2 Re8 9. d5 Kh8 10. Bg5 h6 11. Be3 Rf8 12. Nd2 c5 13. dxc6 bxc6 14. b4 Ne8 15. Nb3 f5 16. f3 Ndf6 17. Rac1 Be6 18. f4 exf4 19. Bxf4 Qb6+ 20. Kh1 Ng4 21. Bxg4 fxg4 22. Qd2 Bxc4 23. Be3 Rxf1+ 24. Rxf1 Qxb4 25. Rc1 Bxb3 26. axb3 Kh7 27. Qc2 Nf6 28. Na2 Qxe4 29. Qxe4 Nxe4 30. Rxc6 Re8 31. Bxa7 Nc5 32. Bxc5 dxc5 33. Kg1 Rf8 34. Rc7 Kh8 0-1